=LDR 00000nam 2200000 4500 =001 INLIS000000000003789 =005 20250526091934 =035 ##$$a 0010-0525000026 =007 ta =008 250526###########################0#ind## =082 ##$$a 378.2 =084 ##$$a 378.2 EDY k =100 #$$a Edy Sanyoto =245 1#$$a KERTAS KERJA PERSEORANGAN (KKP) RENCANA KERJA PENINGKATAN KUALITAS PPKBD PADA SEKSI INSTITUSI DAN PERAN SERTA BKKBN PROVINSI BENGKULU /$c Edy Sanyoto =260 ##$$a Jakarta :$b BKKBN,$c 2010 =300 ##$$a 50 hlm : $b - ; $c 29 cm =856 ##$$a Perpustakaan KEMENDUKBANGGA/BKKBN